000 00580nam a22001817a 4500
005 20251108175424.0
008 250721s2014 xx 000 0 ara d
082 1 4 _aق/حسن
100 1 _aحسن، سوسن
245 1 0 _aقميص الليل /
264 1 _aراس الخيمة :
_bدار نون،
_c2014.
300 _a205 ص.
500 _aحائزة على المركز الثالث لجائزة لبمزرعة للابداع الأدبي 2014
650 1 7 _aالروايات العربية
650 1 7 _aالأدب العربي
942 _2ddc
_cBK
999 _c133732
_d133732